• 首页
  • 本馆介绍
  • 公告通知
  • 最新文献
  • 馆藏检索
  • 电子资源
  • 读者导购
  • 参考咨询
  • 我的图书馆
  • 登录
  • 详细信息显示
  • 放入我的书架
  • 预约/预借图书
  • 作者相关作品
  • 分类相关作品
  • 丛书相关作品
  • 出版社相关作品

书目信息

  • 表格格式
  • 工作单格式
  • 卡片格式
题名:
寿光菜农日光温室西瓜高效栽培
    
 
作者: 魏家鹏 , 韩冰 , 夏文英 编著
分册:  
出版信息: 北京   金盾出版社  2011
页数: 10, 199页, 8页图版
开本: 21cm
丛书名: 寿光菜农科学种菜丛书
单 册:
中图分类: S627.5
科图分类:
主题词: 西瓜--温室栽培
电子资源:
ISBN: 978-7-5082-6923-8
000 01109nam 2200277 450
001 2370545237
005 20231211193625.20
010    @a978-7-5082-6923-8@d12.00CNY
100    @a20110601d2011 em y0chiy50 ea
101 0  @achi
102    @aCN@b110000
105    @aaf z 000yy
200 1  @a寿光菜农日光温室西瓜高效栽培@Ashou guang cai nong ri guang wen shi xi gua gao xiao zai pei@f编著者魏家鹏 ... [等]
210    @a北京@c金盾出版社@d2011
215    @a10, 199页, 8页图版@c图 (部分彩图)@d21cm
225 2  @a寿光菜农科学种菜丛书@Ashou guang cai nong ke xue zhong cai cong shu
304    @a题名页题: 编著者魏家鹏, 韩冰, 夏文英, 张东东, 胡永军
330    @a本书内容包括日光温室的设计与建造, 西瓜新优品种选择, 日光温室西瓜育苗技术、多茬次栽培技术、土壤障碍控防技术、肥水管理技术是、栽培管理经验与新技术、病虫害防治技术等8章。
410  0 @12001 @a寿光菜农科学种菜丛书
606 0  @a西瓜@x温室栽培
690    @aS627.5@v5
701  0 @a魏家鹏@Awei jia peng@4编著
701  0 @a韩冰@Ahan bing@4编著
701  0 @a夏文英@Axia wen ying@4编著
801  0 @aCN@b湖北三新@c20110615
905    @aBZT@dS627.5@e3
    
    寿光菜农日光温室西瓜高效栽培/编著者魏家鹏 ... [等].-北京:金盾出版社,2011
    10, 199页, 8页图版:图 (部分彩图);21cm.-(寿光菜农科学种菜丛书)
    
    
    ISBN 978-7-5082-6923-8:12.00CNY
    本书内容包括日光温室的设计与建造, 西瓜新优品种选择, 日光温室西瓜育苗技术、多茬次栽培技术、土壤障碍控防技术、肥水管理技术是、栽培管理经验与新技术、病虫害防治技术等8章。
●
相关链接 在五车中查询图书 在当当中查询图书 在豆瓣中查询图书


正题名:寿光菜农日光温室西瓜高效栽培     索取号:S627.5/3         预约/预借

序号 登录号 条形码 馆藏地/架位号 状态 备注
1 2001591887   2001591887   辽三/辽宁北配(第三批)/2026/ [索取号:S627.5/3] 在馆    
2 2001591888   2001591888   辽三/辽宁北配(第三批)/2026/ [索取号:S627.5/3] 在馆    
3 2001591889   2001591889   辽三/辽宁北配(第三批)/2026/ [索取号:S627.5/3] 在馆    
4 2001591890   2001591890   辽三/辽宁北配(第三批)/2026/ [索取号:S627.5/3] 在馆    
5 2001591891   2001591891   辽三/辽宁北配(第三批)/2026/ [索取号:S627.5/3] 在馆    
6 2001591892   2001591892   辽三/辽宁北配(第三批)/2026/ [索取号:S627.5/3] 在馆    
7 2001591893   2001591893   辽三/辽宁北配(第三批)/2026/ [索取号:S627.5/3] 在馆    
8 2001591894   2001591894   辽三/辽宁北配(第三批)/2026/ [索取号:S627.5/3] 在馆    
9 2001591895   2001591895   辽三/辽宁北配(第三批)/2026/ [索取号:S627.5/3] 在馆    
10 2001591896   2001591896   辽三/辽宁北配(第三批)/2026/ [索取号:S627.5/3] 在馆    
11 2001591897   2001591897   辽三/辽宁北配(第三批)/2026/ [索取号:S627.5/3] 在馆    
12 2001591898   2001591898   辽三/辽宁北配(第三批)/2026/ [索取号:S627.5/3] 在馆    
13 2001591899   2001591899   辽三/辽宁北配(第三批)/2026/ [索取号:S627.5/3] 在馆    
14 2001591900   2001591900   辽三/辽宁北配(第三批)/2026/ [索取号:S627.5/3] 在馆    
15 2001591901   2001591901   辽三/辽宁北配(第三批)/2026/ [索取号:S627.5/3] 在馆    
16 2001591902   2001591902   辽三/辽宁北配(第三批)/2026/ [索取号:S627.5/3] 在馆    
17 2001591903   2001591903   辽三/辽宁北配(第三批)/2026/ [索取号:S627.5/3] 在馆    
18 2001591904   2001591904   辽三/辽宁北配(第三批)/2026/ [索取号:S627.5/3] 在馆    
19 2001591905   2001591905   辽三/辽宁北配(第三批)/2026/ [索取号:S627.5/3] 在馆    
20 2001591906   2001591906   辽三/辽宁北配(第三批)/2026/ [索取号:S627.5/3] 在馆    
21 2001591907   2001591907   辽三/辽宁北配(第三批)/2026/ [索取号:S627.5/3] 在馆    
22 2001591908   2001591908   辽三/辽宁北配(第三批)/2026/ [索取号:S627.5/3] 在馆    
23 2001591909   2001591909   辽三/辽宁北配(第三批)/2026/ [索取号:S627.5/3] 在馆    
24 2001591910   2001591910   辽三/辽宁北配(第三批)/2026/ [索取号:S627.5/3] 在馆    
25 2001591911   2001591911   辽三/辽宁北配(第三批)/2026/ [索取号:S627.5/3] 在馆    
26 2001591912   2001591912   辽三/辽宁北配(第三批)/2026/ [索取号:S627.5/3] 在馆    
27 2001591913   2001591913   辽三/辽宁北配(第三批)/2026/ [索取号:S627.5/3] 在馆    
28 2001591914   2001591914   辽三/辽宁北配(第三批)/2026/ [索取号:S627.5/3] 在馆    
29 2001591915   2001591915   辽三/辽宁北配(第三批)/2026/ [索取号:S627.5/3] 在馆    
30 2001591916   2001591916   辽三/辽宁北配(第三批)/2026/ [索取号:S627.5/3] 在馆    
山东省滨州职业学院图书馆 欢迎您!
大连网信软件有限公司© 版权所有